[Event "4th Kesarovski - Georgiev Memorial"]
[Site "Sunny Beach BUL"]
[Date "2005.09.16"]
[Round "1"]
[White "Draganova,P"]
[Black "Drenchev,P"]
[Result "0-1"]
[WhiteElo "2069"]
[BlackElo "2412"]

1.e4 c5 2.Nc3 Nc6 3.Bb5 e6 4.Nf3 Nge7 5.d4 cxd4 6.Nxd4 a6 7.Be2 b5 8.Bg5 Qb6
9.Nb3 Ng6 10.Be3 Qc7 11.Qd2 Nge5 12.Nd4 Na5 13.Bf4 d6 14.Bxe5 dxe5 15.Ndxb5 axb5
16.Nxb5 Qb6 17.O-O Be7 18.b4 Nc6 19.Nd6+ Bxd6 20.Qxd6 Bb7 21.b5 Rd8 22.Qa3 Nd4
23.Bd3 f5 24.c4 Ra8 25.Qb4 fxe4 26.c5 Qa5 27.Qxa5 Rxa5 28.Bc4 Bd5 29.Bxd5 exd5
30.a4 Kd7 31.Rfb1 Kc7 32.Ra3 Rha8 33.c6 Kb6 34.Kf1 Rxa4 35.Rc3 Ra1  0-1

[Event "EYg18"]
[Site "Herceg Novi SCG"]
[Date "2005.09.17"]
[Round "4"]
[White "Gjorgjieva,I"]
[Black "Hegarty,S"]
[Result "1/2-1/2"]
[WhiteElo "1926"]
[BlackElo "1911"]

1.e4 c5 2.Ne2 Nc6 3.Nbc3 g6 4.g3 Bg7 5.Bg2 d6 6.O-O e6 7.d3 Nge7 8.Be3 O-O
9.Qd2 b6 10.d4 Ba6 11.Rfd1 Rc8 12.f4 Bxe2 13.Nxe2 cxd4 14.Nxd4 Nxd4 15.Bxd4 Bxd4+
16.Qxd4 Rxc2 17.Rac1 Rxc1 18.Rxc1 Qd7 19.Rd1 Rd8 20.Bf3 Qc6 21.Kf1 Qc5 22.Qd2 Qc4+
23.Kg1 Qxa2 24.h4 Qb3 25.Kg2 d5 26.h5 Rc8 27.Rc1 Rxc1 28.Qxc1 Qc4 29.Qxc4 dxc4
30.Kf2 Kf8 31.Ke3 Nc6 32.e5 Na5 33.Kd4 Nb3+ 34.Kc3 Ke7 35.hxg6 hxg6 36.Bg2 Na5
37.Kb4 Kd7 38.Kb5 Kc7 39.Ka6 Nb3  1/2-1/2

[Event "EYb14"]
[Site "Herceg Novi SCG"]
[Date "2005.09.17"]
[Round "4"]
[White "Hovhannisyan,R"]
[Black "Kanmazalp,O"]
[Result "1/2-1/2"]
[WhiteElo "2292"]
[BlackElo "2129"]

1.e4 c5 2.Nc3 Nc6 3.Bb5 Nd4 4.Bc4 g6 5.Nf3 Bg7 6.Nxd4 cxd4 7.Qf3 Nh6 8.Ne2 O-O
9.d3 Ng4 10.Bb3 d6 11.O-O e5 12.Qg3 Nf6 13.f4 Nh5 14.Qf2 Kh8 15.fxe5 dxe5
16.Ng3 Qh4 17.Nxh5 Qxh5 18.c3 Be6 19.Bd1 Bg4 20.Bxg4 Qxg4 21.cxd4 exd4 22.Bd2 a5
23.Qe1 Be5 24.h3 Qd7 25.Bxa5 Rfc8 26.Bb4 Rc2 27.Ba3 Rac8 28.Qh4 Kg7 29.b3 Qc7
30.Rf3 f6 31.Kh1 Qc3 32.Raf1 Qd2 33.R3f2 Qxd3 34.Rxf6 Bxf6 35.Qxf6+ Kg8 36.Rf3 Qxe4
37.Qf7+ Kh8 38.Qf6+ Kg8 39.Qf7+ Kh8 40.Qf6+ Kg8 41.Qf7+ Kh8  1/2-1/2

[Event "EYg18"]
[Site "Herceg Novi SCG"]
[Date "2005.09.18"]
[Round "5"]
[White "Savtchenko,V"]
[Black "Czarnota,D"]
[Result "0-1"]
[WhiteElo "2202"]
[BlackElo "2238"]

1.e4 c5 2.Nc3 Nc6 3.Nf3 Nf6 4.Bb5 d6 5.e5 dxe5 6.Nxe5 Qc7 7.Nxc6 bxc6 8.Qf3 Bd7
9.d3 Rb8 10.Bf4 e5 11.Qe2 Bd6 12.Bc4 h6 13.O-O O-O 14.Bg3 Bg4 15.f3 Bf5 16.Bf2 e4
17.dxe4 Bxh2+ 18.Kh1 Rfe8 19.Be1 Bg6 20.b3 Qe5 21.g4 Bf4 22.Bd2 h5 23.Bxf4 Qxf4
24.Bd3 hxg4 25.fxg4 Qe5 26.Qe1 Nxg4 27.Qd2 Qh5+ 28.Kg1 Re5 29.Rf3 Rg5 30.Rg3 Qh4
31.Qg2 Ne3 32.Rxg5 Nxg2 33.Rxg2 Qf6  0-1

[Event "EYg18"]
[Site "Herceg Novi SCG"]
[Date "2005.09.18"]
[Round "5"]
[White "Lomako,A"]
[Black "Djukic,Sa"]
[Result "0-1"]
[WhiteElo "2249"]
[BlackElo "2095"]

1.e4 c5 2.Nc3 Nc6 3.Bb5 Qc7 4.Nf3 e6 5.O-O Nge7 6.Re1 Ng6 7.d4 cxd4 8.Nxd4 a6
9.Bf1 b5 10.Be3 Bb7 11.Qd2 Rc8 12.f4 Nxd4 13.Qxd4 Nxf4 14.Rad1 e5 15.Qd2 Bc5
16.g3 Ne6 17.Bh3 Bxe3+ 18.Rxe3 Nd4 19.Nd5 Qxc2 20.Qe1 Bxd5 21.exd5 O-O 22.Bxd7 Rcd8
23.Rd2 Qc5 24.Bg4 Nc2 25.Rxc2 Qxc2 26.Rxe5 Qc5+  0-1

[Event "EYb16"]
[Site "Herceg Novi SCG"]
[Date "2005.09.18"]
[Round "5"]
[White "Potapov,P"]
[Black "Krivoborodov,E"]
[Result "1-0"]
[WhiteElo "2285"]
[BlackElo "2390"]

1.e4 c5 2.Nf3 Nc6 3.Nc3 g6 4.d4 cxd4 5.Nxd4 Bg7 6.Nde2 Nf6 7.g3 d6 8.Bg2 O-O
9.O-O Rb8 10.a4 a6 11.h3 b5 12.axb5 axb5 13.Nd5 Nd7 14.c3 e6 15.Ne3 Nc5 16.Nd4 Bd7
17.Bd2 b4 18.Nec2 b3 19.Ne3 e5 20.Ne2 Ne7 21.c4 Bc6 22.Nc3 f5 23.exf5 Bxg2
24.Kxg2 gxf5 25.Ned5 Nxd5 26.Nxd5 e4 27.Ra7 Bxb2 28.Qh5 Rb7 29.Rxb7 Nxb7
30.Rb1 Bg7 31.Rxb3 Nc5 32.Rb6 Nd3 33.Rb7 Qe8 34.Qg5 Rf7 35.Nf6+  1-0

[Event "Geller mem Open A"]
[Site "Odessa UKR"]
[Date "2005.09.18"]
[Round "4"]
[White "Berdiugina,E"]
[Black "Muzychuk,A"]
[Result "0-1"]
[WhiteElo "2118"]
[BlackElo "2364"]

1.e4 c5 2.Nc3 Nc6 3.Bb5 Qc7 4.Nf3 Nf6 5.O-O Nd4 6.Re1 a6 7.Bc4 Ng4 8.g3 Nxf3+
9.Qxf3 Ne5 10.Qe2 Nxc4 11.Qxc4 b5 12.Qe2 e6 13.d3 d6 14.a4 b4 15.Nd1 Be7
16.Ne3 O-O 17.b3 Bf6 18.Rb1 Bb7 19.Ng2 Bc3 20.Bd2 Bxd2 21.Qxd2 f5 22.Re2 Rae8
23.Rbe1 e5 24.exf5 Rxf5 25.f4 Ref8 26.g4 R5f7 27.fxe5 dxe5 28.Qg5 Qc6 29.Qxe5 Qf3
30.h4 Qxg4 31.Qg5 Qd4+ 32.Qe3 Qd5 33.Qg5 Rf5 34.Qg4 R5f7 35.Qg5 Qxg5 36.hxg5 Rf5
37.Re5 Bxg2 38.Kxg2 Rf2+ 39.Kg3 Rxc2 40.Rd5 Rc3 41.Re7 Kh8 42.Rf7 Rg8 43.Rc7 Rxb3
44.Rcxc5 Rb1 45.Rc7 b3 46.Rb7 b2 47.Kg2 Ra1 48.Rxb2 Rxa4 49.d4 Rf8 50.Rb7 Ra2+
51.Kg3 Ra3+ 52.Kg2 Ra2+ 53.Kg3 Ra1 54.Rf5 Kg8 55.Rxf8+ Kxf8 56.Kf4 a5 57.Ke5 a4
58.Ke6 Re1+ 59.Kd5 Re7 60.Rb8+ Re8 61.Rb2 a3 62.Ra2 Ra8 63.Kd6 Ra6+ 64.Kd7 Ra5
65.Kc6 Ke7 66.d5 Kd8 67.d6 Ra6+ 68.Kb7 Rxd6 69.Rxa3 Ke7 70.Kc7 Rd5 71.Rh3 Rc5+
72.Kb6 Rxg5 73.Rxh7 Ke6 74.Kc6 Rg4 75.Kc5 Ke5 76.Rh8 g5 77.Re8+ Kf4 78.Kd4 Kf3+
79.Kd3 Rf4 80.Re3+ Kg2  0-1

[Event "4th Kesarovski - Georgiev Memorial"]
[Site "Sunny Beach BUL"]
[Date "2005.09.18"]
[Round "3"]
[White "Badev,K"]
[Black "Iotov,V"]
[Result "1/2-1/2"]
[WhiteElo "2241"]
[BlackElo "2447"]

1.e4 c5 2.Nc3 Nc6 3.Nge2 e6 4.g3 d5 5.exd5 exd5 6.Bg2 d4 7.Nd5 Nge7 8.Nef4 Nxd5
9.Nxd5 Bd6 10.O-O O-O 11.d3 Be6 12.Nf4 Bf5 13.a3 Qd7 14.Bd2 Rae8 15.Re1 Rxe1+
16.Qxe1 Re8 17.Qf1 Ne5 18.h3 Qc8 19.Re1 Kf8 20.Nd5 Be6 21.Bf4 f6 22.c4 Nf7
23.Bxd6+ Nxd6 24.Nf4 Bf7 25.h4 a6 26.b4 b5 27.Rxe8+ Nxe8 28.cxb5 axb5 29.Bh3 Qc6
30.bxc5 Qxc5 31.Qb1 Nc7 32.Qb4 Qxb4 33.axb4 Ke7 34.Ne2 Bg6 35.Nxd4 Bxd3 36.Bf1 Bxf1
37.Kxf1 Nd5 38.Nxb5 Nxb4  1/2-1/2

[Event "4th Kesarovski - Georgiev Memorial"]
[Site "Sunny Beach BUL"]
[Date "2005.09.18"]
[Round "3"]
[White "Panajotov,J"]
[Black "Bozov,A"]
[Result "0-1"]
[WhiteElo "2302"]
[BlackElo "2091"]

1.e4 c5 2.Nc3 Nc6 3.Nge2 d6 4.g3 Bg4 5.Bg2 Nf6 6.h3 Bd7 7.O-O g6 8.d4 cxd4
9.Nxd4 Bg7 10.Nde2 O-O 11.Bg5 Rc8 12.Re1 Re8 13.a3 Ne5 14.Nd4 Rc5 15.a4 Nc4
16.Bc1 Qc8 17.g4 h5 18.f3 hxg4 19.hxg4 Nxg4 20.fxg4 Bxg4 21.Qd3 Rh5 22.Nf3 Bh3
23.Re2 Ne5 24.Nxe5 Bxe5 25.Bd2 Kg7 26.Rf1 Reh8 27.Qf3 f6 28.Nd5 Bg4 29.Qd3 Bxe2
30.Qxe2 Qxc2 31.Rc1 Bd4+ 32.Ne3 Qxb2 33.Rc7 Re5 34.Kf1 Qa1+ 35.Be1 Qxa4 36.Nc4 Re6
37.Qd3 Qa1 38.Rxb7 Rh4 39.Rb1 Rf4+ 40.Ke2 Qa2+ 41.Nd2 Bc5 42.Bg3 Rg4 43.Kf3 f5
44.Re1 Qa3 45.Qxa3 Bxa3 46.Bh3 Rg5 47.Rd1 Rh5 48.exf5 gxf5 49.Bf1 Bc5 50.Bf4 Rh1
51.Kg2 Rh4 52.Bg3 Rg6 53.Kf3 Ra4 54.Nc4 Rb4 55.Be1 Rb3+ 56.Kf4 Rf6 57.Bd3 e5+
58.Kg5 e4 59.Bc2 Rf3 60.Bd2 Rg6+  0-1

[Event "Geller mem Open A"]
[Site "Odessa UKR"]
[Date "2005.09.19"]
[Round "5"]
[White "Khazankin,M"]
[Black "Lodochnikov,A"]
[Result "1-0"]
[WhiteElo "2139"]
[BlackElo "1910"]

1.e4 c5 2.Nc3 Nc6 3.Nf3 e5 4.Bc4 Be7 5.O-O Nf6 6.d3 O-O 7.h3 d6 8.Nh2 Be6
9.b3 d5 10.Bxd5 Nxd5 11.Nxd5 Bxd5 12.exd5 Qxd5 13.Bb2 f5 14.Re1 Rae8 15.Nf1 Bf6
16.f3 g6 17.Qd2 Bh4 18.g3 Bf6 19.Qf2 Nd4 20.Bxd4 cxd4 21.Qg2 b5 22.a4 a6
23.axb5 axb5 24.Ra2 Ra8 25.Rea1 Rxa2 26.Rxa2 Be7 27.f4 Qc5 28.fxe5 Qxe5 29.Ra7 Rb8
30.Rd7 Rd8 31.Rb7 Bd6 32.Qc6 b4 33.Qc4+ Kh8 34.Qf7  1-0

[Event "EYb18"]
[Site "Herceg Novi SCG"]
[Date "2005.09.21"]
[Round "7"]
[White "Abdulov,O"]
[Black "Lovkov,R"]
[Result "0-1"]
[WhiteElo "2322"]
[BlackElo "2383"]

1.e4 c5 2.Nf3 Nc6 3.Nc3 e5 4.Bc4 Be7 5.Nd5 Nf6 6.O-O O-O 7.d3 d6 8.Nxe7+ Qxe7
9.Bg5 h6 10.Bh4 Be6 11.Bb3 Bxb3 12.axb3 Qe6 13.Bxf6 Qxf6 14.Nd2 Rad8 15.Qg4 d5
16.exd5 Rxd5 17.Ne4 Qe7 18.Ng3 Rd4 19.f4 Rxf4 20.Rxf4 exf4 21.Qxf4 Re8 22.h3 b6
23.Rf1 Qe3+ 24.Qxe3 Rxe3 25.Kf2 Re6 26.Ra1 Nb4 27.Rc1 Kh7 28.Ne2 g5 29.Kf1 Rd6
30.Ke1 Kg6 31.Kd2 h5 32.Rf1 h4 33.Rf3 Nd5 34.c3 f5 35.Rf2 Nf6 36.Rf3 f4 37.Kc2 Nd5
38.Kd2 Ne3 39.Rf2 Nf5 40.Ng1 Ng3 41.Kc2 Re6 42.Kd2 Nf5  0-1

[Event "EYb18"]
[Site "Herceg Novi SCG"]
[Date "2005.09.21"]
[Round "7"]
[White "Hambartsumian,Y"]
[Black "Bogosavljevic,B"]
[Result "1-0"]
[WhiteElo "2186"]
[BlackElo "2302"]

1.e4 c5 2.Nc3 Nc6 3.Bb5 Nd4 4.Bc4 e6 5.Nf3 Ne7 6.Nxd4 cxd4 7.Ne2 Nc6 8.O-O a6
9.d3 Bc5 10.f4 d5 11.exd5 exd5 12.Bb3 Ne7 13.Ng3 h5 14.f5 h4 15.Nh5 Kf8 16.Nxg7 Kxg7
17.f6+ Kg8 18.fxe7 Bxe7 19.Qf3 Be6 20.Bf4 Bg5 21.Rae1 Rh7 22.Bxg5 Qxg5 23.Qf4 Rg7
24.Qxg5 Rxg5 25.Rf4 h3 26.g3 b5 27.Rxd4 a5 28.a4 b4 29.Re3 Kf8 30.Kf2 Rd8
31.Rf4 Ke7 32.d4 Kd6 33.Ke2 Rc8 34.Kd2 Rc7 35.Ba2 Rg8 36.Re5 Rgc8 37.Bb3 Rg8
38.Rh4 Rg6 39.Rf4 Rc8 40.c3 bxc3+ 41.bxc3 Rh8 42.Re3 Rb8 43.Bc2 Rgg8 44.Re1 Rb2
45.Rb1 Ra2 46.Kc1 Rc8 47.Rf3 Rc6 48.Rb5 Ra1+ 49.Bb1 Rxa4 50.Kb2 Rc7 51.Ba2 Bg4
52.Re3  1-0

[Event "ProMoPro Open"]
[Site "Prague CZE"]
[Date "2005.09.21"]
[Round "7"]
[White "Sodoma,J"]
[Black "Mejzlik,V"]
[Result "1-0"]
[WhiteElo "2243"]
[BlackElo "2095"]

1.e4 c5 2.Nc3 Nc6 3.Bb5 g6 4.f4 Bg7 5.Nf3 Nd4 6.a4 a6 7.Bc4 d6 8.O-O e6 9.d3 Ne7
10.Nxd4 cxd4 11.Ne2 O-O 12.Bb3 Kh8 13.Bd2 Nc6 14.Ng3 f5 15.exf5 gxf5 16.Qf3 Bd7
17.Rae1 Rf6 18.Re2 Qc7 19.Rfe1 Re8 20.Nh5 Rg6 21.Nxg7 Kxg7 22.Bc4 e5 23.b4 Nd8
24.Qf2 Bc6 25.g3 b5 26.axb5 axb5 27.Bb3 Kf6 28.c3 Qb7 29.fxe5+ Rxe5 30.Qxd4 Nf7
31.Bf4 Rg4 32.h3 Bf3 33.Rxe5 dxe5 34.Bxe5+  1-0

[Event "EYb16"]
[Site "Herceg Novi SCG"]
[Date "2005.09.22"]
[Round "8"]
[White "Andriasian,Z"]
[Black "Nakhapetiane,P"]
[Result "1-0"]
[WhiteElo "2412"]
[BlackElo "2325"]

1.e4 c5 2.Nc3 Nc6 3.Bb5 e5 4.Nge2 Nf6 5.O-O Bd6 6.a4 O-O 7.d3 Ne7 8.Bc4 b6
9.Bg5 Ng6 10.Bd5 Rb8 11.Nb5 Be7 12.Bxf6 Bxf6 13.Nxa7 Bb7 14.Bxb7 Rxb7 15.Nb5 d5
16.Nbc3 d4 17.Nd5 Bg5 18.c3 f5 19.cxd4 cxd4 20.Qb3 Kh8 21.a5 fxe4 22.dxe4 Ne7
23.a6 Ra7 24.Qxb6 Qxb6 25.Nxb6 Rf6 26.Nc4 Ng6 27.Ra5 Rfxa6 28.Rb5 h6 29.Nxe5 Nxe5
30.Rxe5 d3 31.Nc3 Rb7 32.Rd5 Rxb2 33.Rxd3 Rb3 34.Rf3 Re6 35.Nd5 Rb8 36.g3 Rxe4
37.h4 Bd8 38.Rf8+ Kh7 39.Rc1 Bg5 40.Nf6+  1-0

[Event "EYb18"]
[Site "Herceg Novi SCG"]
[Date "2005.09.23"]
[Round "9"]
[White "Mamikonian,T"]
[Black "Miron,L"]
[Result "1-0"]
[WhiteElo "2273"]
[BlackElo "2275"]

1.e4 c5 2.Nf3 Nc6 3.Nc3 e5 4.Bc4 Be7 5.d3 d6 6.Nd2 Nf6 7.Nf1 O-O 8.Ne3 Be6
9.O-O a6 10.a4 Nb4 11.Qf3 Qc7 12.g4 Qd7 13.h3 Rad8 14.Ncd5 Bxd5 15.exd5 b5
16.Bb3 g6 17.Qe2 e4 18.dxe4 c4 19.Nxc4 bxc4 20.Bxc4 Nxc2 21.Qxc2 Nxg4 22.Bxa6 Ne5
23.Ra3 f5 24.Bb5 Qb7 25.f4 Nd7 26.Qc6 Qb8 27.Be3 Nc5 28.Bxc5 dxc5 29.e5 Kg7
30.d6 Bxd6 31.exd6 Rxd6 32.Qxc5 Rfd8 33.Qe5+ Kh6 34.Rd3  1-0

[Event "ProMoPro Open"]
[Site "Prague CZE"]
[Date "2005.09.23"]
[Round "9"]
[White "Stross,F"]
[Black "Kubikova,H"]
[Result "1-0"]
[WhiteElo "2272"]
[BlackElo "2125"]

1.e4 c5 2.Nc3 Nc6 3.Bb5 Nd4 4.Bc4 e6 5.Nge2 Ne7 6.O-O a6 7.Nxd4 cxd4 8.Ne2 Nc6
9.d3 g6 10.f4 Bg7 11.f5 O-O 12.Ng3 Ne5 13.Bd2 d6 14.Qc1 Ng4 15.Bg5 Bf6 16.Bxf6 Qxf6
17.Qf4 Ne3 18.fxg6 Qxg6 19.Qxd6 Nxf1 20.Rxf1 Qg5 21.Qxd4 e5 22.Qd6 Bg4 23.h4 Qxh4
24.Qxe5 Qh6 25.Nf5 Bxf5 26.Rxf5 Qe3+ 27.Kh2 h6 28.Rf3  1-0

[Event "TCh-NED 2005-6"]
[Site "Netherlands NED"]
[Date "2005.09.24"]
[Round "1"]
[White "Saltaev,M"]
[Black "Wiersma,E"]
[Result "0-1"]
[WhiteElo "2498"]
[BlackElo "2431"]

1.e4 c5 2.Nf3 Nc6 3.Nc3 g6 4.d4 cxd4 5.Nxd4 Bg7 6.Nb3 Nf6 7.Bc4 O-O 8.O-O b6
9.Re1 Bb7 10.Nd5 Nxd5 11.exd5 Ne5 12.Bf1 Rc8 13.Re4 d6 14.Ra4 a6 15.c3 b5
16.Rb4 e6 17.dxe6 fxe6 18.Nd4 Qh4 19.g3 Qe4 20.f3 Qd5 21.Be2 Nc4 22.a4 e5
23.Nc2 Qc5+ 24.Kg2 Qc6 25.axb5 axb5 26.Ne3 d5 27.Ra7 Rfd8 28.Ng4 Qb6 29.Ra2 h5
30.Nf2 e4 31.Qb3 exf3+ 32.Bxf3 d4 33.cxd4 Rf8 34.d5 Rxf3 35.Qxf3 Qc5 36.Nd3 Qxd5
37.Qxd5+ Bxd5+ 38.Kf1 Ne5 39.Rxb5 Bxa2 40.Nxe5 Rxc1+ 41.Kf2 Rc2+  0-1

[Event "Autumn 4"]
[Site "Alushta UKR"]
[Date "2005.09.26"]
[Round "2"]
[White "Belikov,V"]
[Black "Bogner,S"]
[Result "1-0"]
[WhiteElo "2519"]
[BlackElo "2361"]

1.e4 c5 2.Nc3 Nc6 3.Nf3 e5 4.Bc4 d6 5.d3 Be7 6.Nd2 Nf6 7.Nf1 Be6 8.Ne3 O-O
9.O-O a6 10.a4 Nb4 11.Re1 Re8 12.Bd2 Bf8 13.a5 Qc7 14.Qf3 Rad8 15.h3 Be7
16.b3 Rf8 17.Rec1 Qd7 18.Ncd5 Nc6 19.c3 Rb8 20.Qd1 Bd8 21.Nxf6+ Bxf6 22.Nd5 Bd8
23.b4 Ne7 24.bxc5 dxc5 25.Qf3 f6 26.Be3 Rc8 27.Nxe7+ Bxe7 28.Qf5 Rc6 29.Rab1 Rd8
30.Rxb7 Qxb7 31.Bxe6+ Kh8 32.Bd5 Rdc8 33.h4 Qb8 34.Bxc6 Rxc6 35.h5 h6 36.Qg4 Rc7
37.g3 Qb5 38.c4 Qb7 39.Qd1 Qb8 40.Rb1 Rb7 41.Rxb7 Qxb7 42.Qa4 Kh7 43.Qe8 Qc7
44.Qf7 Kh8 45.Qe8+ Kh7 46.Qg6+ Kh8 47.Qe8+ Kh7 48.Qf7 Kh8 49.Kg2 Qd8 50.Qe6 Qd6
51.Qd5 Kh7 52.Kf3 Qc7 53.Qe6 Qd6 54.Qd5 Qc7 55.Qf7 Qd6 56.Ke2 Qc7 57.Bxh6 Bd8
58.Qg6+ Kh8 59.Bd2 Qd7 60.Qf5 Qd6 61.Qc8 Kh7 62.g4 Be7 63.Be3 Bf8 64.Qb7 Kh8
65.Qc8 Kh7 66.g5 fxg5 67.Bxg5 Kg8 68.Be3 Kh7 69.Qf5+ Kh8 70.Bd2 Be7 71.Qc8+ Kh7
72.Qf5+ Kh8 73.Qg6 Qd7 74.h6 Bf6 75.Be3 Qc8 76.hxg7+ Bxg7 77.Bh6 Bxh6 78.Qxh6+ Kg8
79.Qg6+ Kh8 80.Qf6+  1-0

[Event "Autumn 4"]
[Site "Alushta UKR"]
[Date "2005.09.28"]
[Round "6"]
[White "Bindrich,F"]
[Black "Zinchenko,Ya"]
[Result "1/2-1/2"]
[WhiteElo "2391"]
[BlackElo "2493"]

1.e4 c5 2.Nf3 Nc6 3.Nc3 e5 4.Bc4 Be7 5.d3 Nf6 6.Nd2 d6 7.Nf1 Bg4 8.f3 Be6
9.Ne3 O-O 10.O-O Ne8 11.Ncd5 Bg5 12.Kh1 Nc7 13.Nxc7 Qxc7 14.Nd5 Bxd5 15.exd5 Bxc1
16.dxc6 Bg5 17.cxb7 Qxb7 18.Qe2 Rad8 19.Bb3 Rfe8 20.Rab1 Re7 21.c3 d5 22.c4 d4
23.Qe4 Qd7 24.a3 Qe6 25.Ba4 Rc7 26.b4 Bf4 27.g3 Bxg3 28.hxg3 Qh3+ 29.Kg1 Qxg3+
30.Kh1 Qh3+ 31.Kg1 Qg3+  1/2-1/2

[Event "V Mario Covas Rapid"]
[Site "Santos BRA"]
[Date "2005.09.28"]
[Round "3"]
[White "Rodriguez,And URU"]
[Black "Vescovi,G"]
[Result "1/2-1/2"]
[WhiteElo "2523"]
[BlackElo "2640"]

1.e4 c5 2.Nc3 Nc6 3.Nge2 a6 4.g3 b5 5.Bg2 b4 6.Na4 e5 7.d3 d6 8.O-O Bd7 9.a3 h5
10.axb4 cxb4 11.Be3 Rb8 12.d4 h4 13.d5 Nce7 14.c4 bxc3 15.Nexc3 f5 16.Qd3 Bc8
17.f4 hxg3 18.hxg3 exf4 19.Bxf4 Ng6 20.exf5 Nxf4 21.Rxf4 Nf6 22.Re1+ Kf7
23.g4 Nd7 24.f6 Ne5 25.Qg3 gxf6 26.Ne4 Be7 27.Ref1 Kg7 28.Nxf6 Bxf6 29.Rxf6 Rb4
30.Qc3 Rxg4 31.Rf7+ Kh6 32.R1f6+ Kg5 33.Qe3+ Kh5 34.Qh3+ Kg5 35.Qe3+ Kh5
36.Qh3+ Rh4 37.Bf3+ Bg4 38.Bxg4+ Nxg4 39.Qd3 Qg8 40.Rf5+ Kh6 41.Qg3 Ne5 42.R5f6+ Kh5
43.Rf5+ Kh6 44.R5f6+ Kh5  1/2-1/2

[Event "Autumn 4"]
[Site "Alushta UKR"]
[Date "2005.09.30"]
[Round "8"]
[White "Shtyrenkov,V"]
[Black "Bindrich,F"]
[Result "1/2-1/2"]
[WhiteElo "2459"]
[BlackElo "2391"]

1.e4 c5 2.Nc3 Nc6 3.Nf3 d6 4.d4 cxd4 5.Nxd4 Nf6 6.Bc4 e6 7.Be3 a6 8.Qe2 Be7
9.O-O-O Qc7 10.Rhg1 O-O 11.g4 Nxe4 12.Nxe4 d5 13.Bxd5 exd5 14.Nc3 Nxd4 15.Bxd4 Be6
16.Qe5 Qxe5 17.Bxe5 f6 18.Bd4 Rfe8 19.h3  1/2-1/2

[Event "IX Itau Cup"]
[Site "Sao Paulo BRA"]
[Date "2005.10.01"]
[Round "1"]
[White "Fier,A"]
[Black "Tasoko,T"]
[Result "1-0"]
[WhiteElo "2443"]
[BlackElo "1917"]

1.e4 c5 2.Nf3 Nc6 3.Nc3 Nf6 4.d4 cxd4 5.Nxd4 e5 6.Ndb5 d6 7.Bg5 a6 8.Na3 Be7
9.Nc4 Be6 10.Bxf6 gxf6 11.Ne3 Nd4 12.Ncd5 f5 13.c3 f4 14.Nc4 Bxd5 15.exd5 Nf5
16.Qg4 b5 17.Qxf5 bxc4 18.Bxc4 Bg5 19.Bb3 O-O 20.Bc2 Re8 21.Qxh7+ Kf8 22.Ba4 Qf6
23.Bxe8 Rxe8 24.Qe4 Kg7 25.O-O-O Rh8 26.f3 Qd8 27.Qf5 f6 28.h4 Bxh4 29.Rh3 Bf2
30.Rdh1 Rxh3 31.Rxh3 Qg8 32.Qd7+ Kg6 33.Qe6 Qxe6 34.dxe6 f5 35.Rh7 Bh4 36.Rxh4 Kf6
37.Rh6+ Ke7 38.b4 e4 39.a4  1-0

[Event "Lichtenrader Autumn"]
[Site "Berlin GER"]
[Date "2005.10.02"]
[Round "2"]
[White "Geller,J"]
[Black "Jaeger,A"]
[Result "1-0"]
[WhiteElo "2490"]
[BlackElo "2135"]

1.e4 c5 2.Nf3 Nc6 3.Nc3 e5 4.Bc4 d6 5.d3 h6 6.O-O Nf6 7.Ne1 g5 8.Nd5 Bg7
9.Nxf6+ Qxf6 10.c3 h5 11.Nc2 Be6 12.Ne3 O-O-O 13.Nd5 Bxd5 14.Bxd5 Ne7 15.Qb3 Nxd5
16.Qxd5 Bh6 17.b4 Qe6 18.bxc5 Qxd5 19.exd5 dxc5 20.c4 b5 21.Be3 bxc4 22.dxc4 Bf8
23.Bxg5 Rd6 24.Rfb1 Rg6 25.Be3 Rhg8 26.g3 Rg4 27.Rb5 Rxc4 28.Rab1 Bd6 29.Bxc5 Rxc5
30.Rxc5+ Bxc5 31.Rc1 h4 32.Rxc5+ Kd7 33.Ra5 hxg3 34.Rxa7+ Kd6 35.fxg3 f5
36.Ra5 Rc8 37.h4 Rc1+ 38.Kg2 Rc2+ 39.Kh3 e4 40.h5 e3 41.Ra3 e2 42.Re3 Kxd5
43.h6 Rc6 44.h7 Rh6+ 45.Kg2 Rxh7 46.a3 Ra7 47.Kf2 Ra4 48.Kxe2 Rg4 49.Rf3 Ke5
50.Kd3 Rd4+ 51.Kc2 Ke4 52.Rf4+  1-0

[Event "Open A"]
[Site "Hamburg GER"]
[Date "2005.10.03"]
[Round "3"]
[White "Fernandez,Laur"]
[Black "Smolkina,M"]
[Result "0-1"]
[WhiteElo "1902"]
[BlackElo "1739"]

1.e4 c5 2.Nc3 Nc6 3.Nf3 d6 4.d4 cxd4 5.Nxd4 g6 6.Be3 Bg7 7.Qd2 Nf6 8.f3 O-O
9.O-O-O d5 10.exd5 Nxd5 11.Nxc6 bxc6 12.Nxd5 cxd5 13.Qxd5 Qc7 14.Qc5 Qb8
15.Bd4 Bf5 16.Ba6 Qf4+ 17.Be3 Qa4 18.Qc4 Bxc2 19.Qxa4 Bxa4 20.b3 Bc6 21.Bd4 Rab8
22.Rhe1 Rfe8 23.Bxg7 Kxg7 24.Bc4 Kf8 25.Rd4 Rbd8 26.Red1 Rxd4 27.Rxd4 Rc8
28.Kd2 Ke8 29.Ke3 e6 30.Rh4 h5 31.g4 hxg4 32.Rh8+ Kd7 33.Rxc8 Kxc8 34.fxg4 Kd7
35.h4 Ke7 36.Kf4 f6 37.Bd3 Be8 38.g5 e5+ 39.Ke4 Bc6+ 40.Ke3 f5 41.Kf2 Ke6
42.Bc4+ Bd5 43.Bb5 f4 44.Be8 Kf5 45.Bd7+ Be6 46.Be8 Kg4 47.Bxg6 Kxh4 48.Be4 Kxg5
49.Kf3 Bf5 50.Bd5 e4+ 51.Kf2 Kf6 52.a4 a5 53.Bc6 Ke5 54.Bb5 Be6 55.Be8 Bxb3
56.Bb5 Kd4 57.Be8 Kc4 58.Bc6 Kd3 59.Bb5+ Kd2  0-1

[Event "Vojvodina Quality League"]
[Site "Pancevo SCG"]
[Date "2005.10.04"]
[Round "3"]
[White "Popovic,Milo"]
[Black "Skoko,Mil"]
[Result "1-0"]
[WhiteElo "2334"]
[BlackElo "2230"]

1.e4 c5 2.Nc3 Nc6 3.Bb5 Nd4 4.Nf3 Nxb5 5.Nxb5 g6 6.c4 Bg7 7.d4 a6 8.Qa4 Rb8
9.Bf4 e5 10.Nd6+ Kf8 11.dxe5 b5 12.cxb5 Ne7 13.Qc4  1-0

[Event "IX Itau Cup"]
[Site "Sao Paulo BRA"]
[Date "2005.10.05"]
[Round "4"]
[White "Mekhitarian,K"]
[Black "Milos,G"]
[Result "0-1"]
[WhiteElo "2280"]
[BlackElo "2620"]

1.e4 c5 2.Nf3 Nc6 3.Nc3 d6 4.d4 cxd4 5.Nxd4 Nf6 6.Bc4 Qb6 7.Nxc6 bxc6 8.O-O g6
9.Bb3 Bg7 10.Bf4 Nd7 11.Be3 Qa5 12.Bd4 O-O 13.Bxg7 Kxg7 14.f4 Rb8 15.Kh1 c5
16.Nd5 Ba6 17.c4 Qd8 18.Qd3 Bb7 19.Nc3 Qc7 20.Rae1 Bc6 21.Qh3 Nf6 22.e5 Ng8
23.Nd5 Bxd5 24.cxd5 Rb4 25.Qc3 Rd4 26.Re4 dxe5 27.Rxe5 Nf6 28.Bd1 Rd8 29.Bf3 Rxf4
30.Rfe1 Rd7 31.Qe3 Rc4 32.h3 Ng8 33.b3 Rc2 34.Bg4 Rd6 35.Qd3 Rxa2 36.Qc3 Qa5
37.Qg3 Rf6 38.Kh2 Rff2 39.Bf3 Qc3 40.R1e3 Qd4 41.R3e4 Qb2 42.Re3 Rd2 43.h4 a5
44.h5 a4 45.bxa4 Rxa4 46.d6 exd6 47.Re8 Nh6 48.Be4 d5 49.hxg6 hxg6 50.Bxg6 Rg4
51.Qd6 Rgxg2+ 52.Kh3 Rh2+ 53.Kg3 Rdg2+ 54.Kf4 Rg4+  0-1

[Event "Open A"]
[Site "Hamburg GER"]
[Date "2005.10.06"]
[Round "6"]
[White "Stellwagen,R"]
[Black "Reinke,K"]
[Result "1-0"]
[WhiteElo "2167"]
[BlackElo "2042"]

1.e4 c5 2.Nc3 Nc6 3.Nge2 Nf6 4.d4 cxd4 5.Nxd4 a6 6.Nxc6 bxc6 7.e5 Ng8 8.Bc4 g6
9.O-O Bb7 10.Re1 e6 11.Ne4 Be7 12.Bf4 h5 13.Qd4 Nh6 14.Nd6+ Bxd6 15.exd6 Rh7
16.Bxh6 Rxh6 17.Qg7  1-0

[Event "Open A"]
[Site "Hamburg GER"]
[Date "2005.10.06"]
[Round "6"]
[White "Fruebing,S"]
[Black "Ewaldt,M"]
[Result "1-0"]
[WhiteElo "2233"]
[BlackElo "2099"]

1.e4 c5 2.Nf3 Nc6 3.Nc3 d6 4.d4 cxd4 5.Nxd4 Nf6 6.Be2 e5 7.Nf3 h6 8.O-O Be6
9.Re1 Be7 10.Bf1 Nb8 11.h3 O-O 12.a4 a6 13.b3 Nbd7 14.Bb2 Qc7 15.Nh2 Rfe8
16.Ng4 Nxg4 17.hxg4 Rac8 18.Re3 Bg5 19.Rd3 Nf6 20.Be2 Qa5 21.Bf3 Red8 22.Qe2 Rd7
23.Nd1 Rc6 24.c4 Rd8 25.Nc3 Qc7 26.Nd5 Qd7 27.a5 Kh8 28.Nb6 Qe7 29.Rad1 Nd7
30.Nd5 Bxd5 31.Rxd5 Nf6 32.R5d3 Ne8 33.Qe1 Qc7 34.Qb4 Kh7 35.Qa4 g6 36.Qa1 Ng7
37.Rd5 Ne6 38.g3 Bf6 39.Kg2 Bg5 40.Rh1 Kg8 41.Rhd1 Kh7 42.Bc3 Kg8 43.Qb1 Rf8
44.Be2 Rd8 45.Ba1 b6 46.axb6 Qxb6 47.b4 Nc7 48.c5 Qb7 49.Rxd6 Rcxd6 50.Rxd6 Re8
51.Bc4 Kf8 52.Rd7 Re7 53.Rxe7 Bxe7 54.Bxe5 a5 55.Qd3 axb4 56.Qf3  1-0

[Event "5th ch-Asian"]
[Site "Hyderabad IND"]
[Date "2005.10.06"]
[Round "1"]
[White "Yu Shaoteng"]
[Black "Sareen,V"]
[Result "1/2-1/2"]
[WhiteElo "2516"]
[BlackElo "2375"]

1.e4 c5 2.Nc3 Nc6 3.Bb5 Nd4 4.Bc4 e6 5.Nge2 Ne7 6.Nxd4 cxd4 7.Ne2 Nc6 8.O-O Be7
9.d3 a6 10.a3 O-O 11.Bd2 b5 12.f4 Bb7 13.Ng3 Rc8 14.f5 Kh8 15.Nh5 g6 16.f6 gxh5
17.fxe7 Qxe7 18.Qxh5 f6 19.Bf4 Rg8 20.Rf2 Rg6 21.Raf1 Rcg8 22.Bg3 Qg7 23.Qc5 Rxg3
24.hxg3 Qxg3 25.Qh5 Ne5 26.Re2 Rg6 27.Qh2 Nf3+ 28.Rxf3 Qxf3 29.Qd6  1/2-1/2

[Event "5th ch-Asian"]
[Site "Hyderabad IND"]
[Date "2005.10.06"]
[Round "1"]
[White "Iuldachev,S"]
[Black "Harika,D"]
[Result "1-0"]
[WhiteElo "2543"]
[BlackElo "2392"]

1.e4 c5 2.Nc3 Nc6 3.Bb5 Nd4 4.Bc4 e6 5.Nf3 Nf6 6.O-O a6 7.d3 b5 8.Bb3 Nxb3
9.axb3 Bb7 10.e5 Ng4 11.d4 Qc7 12.Re1 d6 13.d5 O-O-O 14.Ng5 Nxe5 15.dxe6 h6
16.Nd5 Bxd5 17.Qxd5 Qb7 18.Qxb7+ Kxb7 19.e7 Bxe7 20.Nxf7 Bf6 21.Nxh8 Rxh8
22.Bf4 Nf7 23.Bd2 d5 24.Re6 Ra8 25.Ba5 Rc8 26.Rae1 Nd8 27.Rb6+ Ka7 28.Rd6 Nc6
29.Bd2 Bxb2 30.Rxd5 Nd4 31.Ba5 Nc6 32.Rd7+ Kb8 33.Re6 Bf6 34.g3 c4 35.bxc4 bxc4
36.Kg2 c3 37.g4 Ka8 38.h4 Nb8 39.Rf7 Nc6 40.Rd7 Nb8 41.Rc7 Rxc7 42.Bxc7 Nd7
43.Bd6 Kb7 44.h5 Ne5 45.Be7 Nxg4 46.Bxf6 Nxf6 47.Re7+ Kb6 48.Rxg7 Nxh5 49.Rg6+ Kb5
50.Kf3 a5 51.Kg4 a4 52.Kxh5  1-0

[Event "Vojvodina Quality League"]
[Site "Pancevo SCG"]
[Date "2005.10.06"]
[Round "6"]
[White "Popovic,Milo"]
[Black "Stojkovic,N"]
[Result "1-0"]
[WhiteElo "2334"]
[BlackElo "2081"]

1.e4 c5 2.Nc3 Nc6 3.Bb5 a6 4.Bxc6 dxc6 5.d3 g6 6.Be3 Qa5 7.Ne2 Bg7 8.O-O Nf6
9.h3 Bd7 10.Nc1 c4 11.dxc4 Rd8 12.Nb3 Qc7 13.Qf3 h5 14.Bf4 Qc8 15.c5 Bg4
16.hxg4 hxg4 17.Qe2 Nh5 18.Bh2 g3 19.Bxg3 Nxg3 20.fxg3 Be5 21.Qf3 f6 22.Rad1 Rxd1
23.Rxd1 Qc7 24.Qg4 Kf7 25.Rd7 Qc8 26.Qd1 Bxg3 27.Ne2 Bh2+ 28.Kf1 Bd6 29.Qxd6  1-0